Istoria d'Italia / (Record no. 154885)

MARC details
000 -LEADER
campo de control de longitud fija 00649nam a22001695i 4500
001 - NÚMERO DE CONTROL
campo de control 154885
003 - IDENTIFICADOR DE NÚMERO DE CONTROL
campo de control ES-MaACL
005 - FECHA Y HORA DE LA ÚLTIMA TRANSACCIÓN
campo de control 20230906205905.0
008 - DATOS DE LONGITUD FIJA--INFORMACIÓN GENERAL
campo de control de longitud fija 040715s1875 it |||| | ita d
040 ## - FUENTE DE CATALOGACIÓN
Centro catalogador/agencia de origen CAM
Lengua de catalogación spa
Centro/agencia transcriptor CAM
100 1# - ENTRADA PRINCIPAL--NOMBRE DE PERSONA
Nombre de persona Guicciardini, Francesco (
Fechas asociadas al nombre 1483-1540)
9 (RLIN) 147512
245 10 - MENCIÓN DEL TÍTULO
Título Istoria d'Italia /
Mención de responsabilidad, etc. di messer Francesco Guicciardini ; ridotta alla miglior lezione con le notizie della vita e delle opere dell'autore.
260 ## - PUBLICACIÓN, DISTRIBUCIÓN, ETC.
Lugar de publicación, distribución, etc. Milano :
Nombre del editor, distribuidor, etc. Edoardo Sonzogno e,
Fecha de publicación, distribución, etc. 1875.
300 ## - DESCRIPCIÓN FÍSICA
Extensión 4 v. (308; 407; 409; 320 p.) ;
Dimensiones 17 cm.
651 #4 - PUNTO DE ACCESO ADICIONAL DE MATERIA--NOMBRE GEOGRÁFICO
Nombre geográfico Italia-
Subdivisión general Historia.
9 (RLIN) 8866
852 ## - LOCALIZACIÓN
Ubicación ES-MaACL
Número de control de estantería G-10429-30
Nota libre -- Enc. hol.
-- -- 4 t. en 2 v.
Holdings
Estatus retirado Estado de pérdida Estado de daño No para préstamo Colección Biblioteca de origen Biblioteca actual Ubicación en estantería Fecha de adquisición Total de préstamos Signatura topográfica completa Código de barras Visto por última vez Precio de reemplazo Tipo de ítem Koha
        Libros del s. XIX Biblioteca del Ateneo de Madrid Biblioteca del Ateneo de Madrid Sala Pecera Planta 3 17/01/2008   G-10429-30 1162016 23/02/2023 23/02/2023 Libro impreso antiguo